书目信息 |
| 题名: |
微课程的设计原理、制作与评价
|
|
| 作者: | 欧阳芬 , 徐斌辉 主编 | |
| 分册: | ||
| 出版信息: | 北京 开明出版社 2015 |
|
| 页数: | 234页 | |
| 开本: | 24cm | |
| 丛书名: | ||
| 单 册: | ||
| 中图分类: | G423.04 | |
| 科图分类: | ||
| 主题词: | 课程--研究 | |
| 电子资源: | ||
| ISBN: | 978-7-5131-2020-3 | |
| 000 | 00943nam0 2200241 450 | |
| 001 | 15 | |
| 005 | 20180519095700.67 | |
| 010 | @a978-7-5131-2020-3@dCNY32.00 | |
| 100 | @a20160309d2015 em y0chiy50 ea | |
| 101 | 0 | @achi |
| 102 | @aCN@b110000 | |
| 105 | @aa z 000yy | |
| 200 | 1 | @a微课程的设计原理、制作与评价@9wei ke cheng de shi she ji yuan li 、 zhi zuo yu ping jia@b专著@f欧阳芬,徐斌辉主编 |
| 210 | @a北京@c开明出版社@d2015 | |
| 215 | @a234页@c图@d24cm | |
| 300 | @a全国大型教育与心理典籍系列 | |
| 330 | @a本书理论与案例相结合,从微课程的概述入手,介绍微课程的定义、微课程的产生背景、微课程的特点、微课程的分类和微课程的功用等。然后,依次介绍了微课程的选题、微课程的设计、微课程的教学、微课程的制作、微课程的评价等。 | |
| 606 | 0 | @a课程@x研究 |
| 690 | @aG423.04@v5 | |
| 701 | 0 | @a欧阳芬@9ou yang fen@c(女,@f1963~)@4主编 |
| 701 | 0 | @a徐斌辉@9xu bin hui@4主编 |
| 801 | 0 | @aCN@b91MARC@c20160705 |
| 905 | @aMuseLib@dG423.04@e296 | |
| 微课程的设计原理、制作与评价/欧阳芬,徐斌辉主编.-北京:开明出版社,2015 |
| 234页:图;24cm |
| 全国大型教育与心理典籍系列 |
| ISBN 978-7-5131-2020-3:CNY32.00 |
| 本书理论与案例相结合,从微课程的概述入手,介绍微课程的定义、微课程的产生背景、微课程的特点、微课程的分类和微课程的功用等。然后,依次介绍了微课程的选题、微课程的设计、微课程的教学、微课程的制作、微课程的评价等。 |
| ● |
| 相关链接 |
|
|
|
|
正题名:微课程的设计原理、制作与评价
索取号:G423.04/296
 
预约/预借
| 序号 | 登录号 | 条形码 | 馆藏地/架位号 | 状态 | 备注 |
| 1 | 1100052 | 211000520 | 第一样本阅览室/ [索取号:G423.04/296] | 在馆 | |
| 2 | 1100053 | 211000539 | 教育系资料室/ [索取号:G423.04/296] | 在馆 | |
| 3 | 1100054 | 211000548 | 教育系资料室/ [索取号:G423.04/296] | 在馆 | |
| 4 | 1100055 | 211000557 | 教育系资料室/ [索取号:G423.04/296] | 在馆 | |
| 5 | 1100056 | 211000566 | 第四借阅区/ [索取号:G423.04/296] | 在馆 | |
| 6 | 1100057 | 211000575 | 第四借阅区/ [索取号:G423.04/296] | 在馆 |